| 000 | 00802nam a22002057a 4500 | ||
|---|---|---|---|
| 999 |
_c61268 _d61268 |
||
| 005 | 20240123104354.0 | ||
| 008 | 240123s2020 enk||||| |||| 00| 0 eng d | ||
| 020 | _a9781839219535x | ||
| 041 | _aeng | ||
| 080 | _a004.8 A-81 | ||
| 100 |
_aArtasanchez, Alberto _921089 |
||
| 245 |
_aArtificial Intelligence with Python: _bYour complete guide to building intelligent apps using Python 3.x / _c Alberto Artasanchez, Prateek Joshi. |
||
| 250 | _aSecond edition | ||
| 264 |
_aBirmingham : _bPackt Publishing, _c2020. |
||
| 300 |
_a592 p.: _bill.; _c24 cm. |
||
| 653 | _aპითონის პროგრამირება | ||
| 653 | _aხელოვნური ინტელექტი Python-ით | ||
| 700 |
_aJoshi, Prateek _eავტორი _912740 |
||
| 942 |
_2udc _cᲬᲘᲒᲜᲘ |
||